Unpublished letters of Vidyasagar / (Record no. 26218)
[ view plain ]
| 000 -LEADER | |
|---|---|
| fixed length control field | 00548cam a22002055a 4500 |
| 001 - CONTROL NUMBER | |
| control field | 26218 |
| 003 - CONTROL NUMBER IDENTIFIER | |
| rucl marc code | BD-RjUL |
| 005 - DATE AND TIME OF LATEST TRANSACTION | |
| control field | 20211209051003.0 |
| 008 - FIXED-LENGTH DATA ELEMENTS--GENERAL INFORMATION | |
| fixed length control field | 140320t1971 ii 000 0 eng |
| 035 ## - SYSTEM CONTROL NUMBER | |
| System control number | (BD-RjUL)26288 |
| 040 ## - CATALOGING SOURCE | |
| Original cataloging agency | DLC |
| Transcribing agency | DLC |
| Language of cataloging | eng |
| Modifying agency | BD-RJUL |
| 041 ## - LANGUAGE CODE | |
| Language code of text/sound track or separate title | eng |
| 082 04 - DEWEY DECIMAL CLASSIFICATION NUMBER | |
| Classification number | 954 |
| Author mark and year | UNP 1971 |
| 245 00 - TITLE STATEMENT | |
| Title | Unpublished letters of Vidyasagar / |
| Statement of responsibility, etc. | edited by Arabinda Guha. |
| 260 ## - PUBLICATION, DISTRIBUTION, ETC. (IMPRINT) | |
| Place of publication, distribution, etc. | Kolkata : |
| Name of publisher, distributor, etc. | Ananda publishers, |
| Date of publication, distribution, etc. | 1971. |
| 300 ## - PHYSICAL DESCRIPTION | |
| Pagination | 235 p. ; |
| Size | 21 cm. |
| 700 1# - ADDED ENTRY--PERSONAL NAME | |
| Personal name | Guha, Arabinda |
| 942 ## - ADDED ENTRY ELEMENTS (KOHA) | |
| Source of classification or shelving scheme | Dewey Decimal Classification |
| Koha item type | Books |
| Lost status | Source of classification or shelving scheme | Damaged status | Not for loan | Collection code | Permanent Location | Current Location | Shelving location | Date acquired | Source of acquisition | Total Checkouts | Full call number | Date last seen | Copy number | Koha item type |
|---|---|---|---|---|---|---|---|---|---|---|---|---|---|---|
| Dewey Decimal Classification | Added to bundle | Non-fiction | Central Library, University of Rajshahi | Central Library, University of Rajshahi | Reading Room | 23/09/1978 | Asia Fundation | 954 UNP 1971 | 20/03/2014 | C-1 | Books |